Contemporary Japan : history, politics and social change since the 1980s
Saved in:
| Main Author: | |
|---|---|
| Format: | Book |
| Language: | English |
| Published: |
Chichester :
Wiley-Blackwell,
2011
|
| Series: | A history of the contemporary world
|
| Subjects: | |
| Tags: |
Add Tag
No Tags, Be the first to tag this record!
|
MARC
| LEADER | 00000cam a2200000 i 4500 | ||
|---|---|---|---|
| 001 | 1/67436 | ||
| 008 | 150219s2011 eng d | ||
| 020 | |a 978-1-4051-9193-7 | ||
| 035 | |l 10121164 | ||
| 040 | |a GR-MY-UA |b gre |e aacr | ||
| 041 | 0 | |a eng | |
| 082 | 0 | |a 952.04 |2 (23) | |
| 100 | 1 | |a Kingston, Jeff, |d 1957- | |
| 245 | 1 | 0 | |a Contemporary Japan : |b history, politics and social change since the 1980s / |c Jeff Kingston |
| 260 | |a Chichester : |b Wiley-Blackwell, |c 2011 | ||
| 300 | |a ix, 313 σ.; |c 24 εκ. | ||
| 490 | 1 | |a A history of the contemporary world | |
| 504 | |a Περιλαμβάνει βιβλιογραφικές παραπομπές και ευρετήριο | ||
| 651 | 0 | |a Japan |x Economic conditions |y 1980- | |
| 651 | 0 | |a Japan |x History. | |
| 651 | 0 | |a Japan |x Social conditions. | |
| 830 | 0 | |a A history of the contemporary world | |
| 852 | |a INST |b RHODES |e 20150219 |h 952.04 KIN |p 005400037653 |q 005400037653 |t BK |y 0 | ||
| 901 | |a BIBL4-2015-1 | ||
| 970 | |z 2015/02/19 | ||